000 002920000a22001330004500
041 0 _aSPA
082 0 4 _aG 866 F954z
100 1 _aFuentes, Carlos (1928-)
245 1 0 _aZona sagrada / Carlos Fuentes
260 _aMéxico : Siglo Veintiuno
300 _a191 PAg
001 11192
942 _cBK
999 _c40558
_d40558